[Event "Olympiad Women 2024"]
[Site "Budapest HUN"]
[Date "2024.09.16"]
[Round "6.32"]
[Board "1"]
[White "Sanudula, K M Dahamdi"]
[Black "Wafa, Shrook"]
[Result "1-0"]
[WhiteElo "2023"]
[BlackElo "2137"]
[PlyCount "73"]
[EventDate "2024.09.11"]
[WhiteTeam "Sri Lanka"]
[BlackTeam "Egypt"]
[WhiteTeamCountry "SRI"]
[BlackTeamCountry "EGY"]

1. d4 d5 2. Nf3 Nf6 3. c3 c5 4. dxc5 e6 5. b4 a5 6. Qb3 b6 7. cxb6 axb4 8. cxb4 Qxb6 9. b5 Bc5 10. e3 O-O 11. Be2 Nc6 12. O-O Na5 $146 ({RR} 12... e5 13. Qb2 Bg4 14. bxc6 e4 15. Qxb6 Bxb6 16. Bb2 exf3 17. gxf3 Bh3 18. Rd1 Ra5 19. a4 d4 20. Bb5 dxe3 21. fxe3 Bxe3+ 22. Kh1 Bb6 23. Na3 Raa8 24. Nc4 Bc7 25. Ba3 Rfe8 26. Bd6 Bxd6 27. Nxd6 {1-0 Memeti,K (2195)-Litwak,A (2276) BEL-chT 1112 2011 (4.6)}) 13. Qd1 Ne4 14. Bb2 Nc4 15. Bxc4 dxc4 16. Qc2 Nxf2 17. Rxf2 Bxe3 18. Nc3 Bb7 19. a4 Bxf3 20. gxf3 Rfd8 21. Nd1 Bxf2+ 22. Nxf2 Rd5 23. Kh1 Rc8 24. Rg1 c3 25. Bxc3 Qe3 26. Rxg7+ Kf8 27. Qxh7 Qxf3+ 28. Kg1 Rc4 29. Rg3 Rd1+ 30. Nxd1 Qxd1+ 31. Kf2 Rf4+ 32. Ke3 Qc1+ 33. Bd2 Qc5+ 34. Kxf4 Qd4+ 35. Kf3 Qxa4 36. Rg8+ Ke7 37. Bg5+ 1-0

[Event "Olympiad Women 2024"]
[Site "Budapest HUN"]
[Date "2024.09.16"]
[Round "6.32"]
[Board "2"]
[White "Wafa, Shahenda"]
[Black "Tharushi, T H D Niklesha"]
[Result "1/2-1/2"]
[WhiteElo "2102"]
[BlackElo "1852"]
[PlyCount "71"]
[EventDate "2024.09.11"]
[WhiteTeam "Egypt"]
[BlackTeam "Sri Lanka"]
[WhiteTeamCountry "EGY"]
[BlackTeamCountry "SRI"]

1. e4 c5 2. Nf3 e6 3. d4 cxd4 4. Nxd4 Nf6 5. Nc3 Nc6 6. Ndb5 Bb4 7. a3 Bxc3+ 8. Nxc3 d5 9. exd5 exd5 10. Bd3 O-O 11. O-O Bg4 12. f3 Bh5 13. Bg5 Qb6+ 14. Kh1 Ne4 15. Nxe4 dxe4 16. Bxe4 Qxb2 17. Qb1 Qb6 18. Qxb6 axb6 19. Rfb1 Bg6 20. Bxg6 hxg6 21. Rxb6 f6 22. Bf4 g5 23. Bg3 Rfd8 $146 ({RR} 23... Nd4 24. c3 Nc2 25. Rc1 Rfd8 26. h3 Ne3 27. Bf2 Rd3 28. Bxe3 Rxe3 29. Rb3 Re2 30. c4 Rd8 31. Rxb7 Rdd2 32. Rg1 Ra2 33. c5 Rec2 34. Rc7 Rxa3 35. Rd1 Raa2 36. Rdd7 Rxg2 37. Rxg7+ Kf8 38. Rgf7+ {1-0 Guru Prakash (1817)-Nainys,Z (2153) 61st World Juniors 2024 (7.43)}) 24. Rxb7 Ra6 25. Rab1 Rxa3 26. Rc1 Ra2 27. h4 gxh4 28. Bxh4 Rd2 29. Rc7 Rdxc2 30. Rxc6 Rxg2 31. R6c4 Rh2+ 32. Kg1 Rhg2+ 33. Kf1 Rh2 34. Kg1 Rhg2+ 35. Kf1 Rh2 36. Kg1 1/2-1/2

[Event "Olympiad Women 2024"]
[Site "Budapest HUN"]
[Date "2024.09.16"]
[Round "6.32"]
[Board "3"]
[White "Pallie, Ehsha Mishela"]
[Black "Romany, Joy"]
[Result "1-0"]
[WhiteElo "1767"]
[BlackElo "2012"]
[PlyCount "81"]
[EventDate "2024.09.11"]
[WhiteTeam "Sri Lanka"]
[BlackTeam "Egypt"]
[WhiteTeamCountry "SRI"]
[BlackTeamCountry "EGY"]

1. e4 c5 2. Nf3 e6 3. b3 b6 4. c4 Bb7 5. Nc3 d6 6. Bb2 Nf6 7. d3 ({RR} 7. Bd3 Nc6 8. O-O Be7 9. Bb1 e5 10. Nd5 O-O 11. Re1 Nd4 12. Bxd4 cxd4 13. Bd3 Nd7 14. b4 Re8 15. Qb3 Bf8 16. g3 g6 17. Bf1 Nf6 18. h4 Bc8 19. a4 Nxd5 20. cxd5 Bh6 21. Bb5 Rf8 {1-0 Akopian,V (2691)-Grachev,B (2683) Wch Blitz 7th 2013 (14)}) ({RR} 7. Bd3 Nbd7 8. O-O Be7 9. Bc2 O-O 10. d4 cxd4 11. Nxd4 a6 12. Qe2 Qc7 13. Rad1 Rfe8 14. h3 Bf8 15. Rfe1 Rac8 16. g4 Ne5 17. f4 Ng6 18. Qf2 e5 19. Nde2 b5 20. f5 Nf4 21. Nxf4 exf4 {0-1 Wafa,H (2374)-Daaevik Wadhawan (2363) Titled Tue 23rd Apr Early 2024 (10)}) 7... Be7 8. g3 O-O $146 ({RR} 8... d5 9. e5 Nfd7 10. cxd5 exd5 11. d4 cxd4 12. Nxd4 Nxe5 13. Bb5+ Ned7 14. Nf5 O-O 15. Nxd5 Bf6 16. Nxf6+ Nxf6 17. Qxd8 Rxd8 18. Bxf6 gxf6 19. O-O Na6 20. Rad1 Nc7 21. Bc6 Bxc6 22. Ne7+ Kf8 23. Nxc6 {½-½ Gushpit,I (2176)-Grinev,V (2425) Kiev Spring Rapid op 2021 (5)}) 9. Bg2 Nc6 10. O-O Ne5 11. d4 Nxf3+ 12. Bxf3 cxd4 13. Qxd4 Qc7 14. Rfd1 Rfd8 15. Ba3 Ne8 16. Nb5 Qc6 17. Rac1 a6 18. Nc3 Bg5 19. Rc2 b5 20. h4 Bf6 21. Qd3 bxc4 22. bxc4 Rac8 23. Ne2 Qa4 24. Qb3 Bc6 25. Rcd2 Rb8 26. Qe3 Qxc4 27. Rc1 Qa4 28. Rxc6 Qxc6 29. e5 d5 30. exf6 Nxf6 31. Be7 Rb1+ 32. Kg2 Rdb8 33. Bxf6 gxf6 34. Qh6 R8b2 35. Be4 f5 36. Bxb1 Rxb1 37. Qg5+ Kf8 38. Qd8+ Kg7 39. Nf4 d4+ 40. f3 e5 41. Nh5+ 1-0

[Event "Olympiad Women 2024"]
[Site "Budapest HUN"]
[Date "2024.09.16"]
[Round "6.32"]
[Board "4"]
[White "Allam, Yara"]
[Black "Gunawardhana, Devindya Oshini"]
[Result "0-1"]
[WhiteElo "1920"]
[BlackElo "1956"]
[PlyCount "54"]
[EventDate "2024.09.11"]
[WhiteTeam "Egypt"]
[BlackTeam "Sri Lanka"]
[WhiteTeamCountry "EGY"]
[BlackTeamCountry "SRI"]

1. e4 e5 2. Nf3 Nc6 3. Bc4 Nf6 4. d3 Bc5 5. c3 d6 6. Nbd2 a6 7. Bb3 h6 8. h3 Ba7 9. Nf1 O-O 10. Ng3 ({RR} 10. g4 d5 11. Qe2 dxe4 12. dxe4 Be6 13. Ng3 Nh7 14. Nf5 Qf6 15. Rg1 Bxf5 16. gxf5 Kh8 17. Be3 Rad8 18. Rd1 Rxd1+ 19. Kxd1 Bxe3 20. Qxe3 Rd8+ 21. Kc1 Nf8 22. h4 Nd7 23. Ng5 Rf8 24. Kb1 Na5 {1-0 Gunnarsson,J (2448)-Morkunas,G (2095) Titled Tue 30th Jul Early 2024 (6)}) 10... Be6 11. Bxe6 $146 ({RR} 11. Qe2 Na5 12. Bc2 b5 13. Nh4 d5 14. Ngf5 c5 15. Qf3 Kh8 16. g4 Nh7 17. Qg3 Nc6 18. Nf3 Bb8 19. Qg2 Rg8 20. Rg1 Qd7 21. Ne3 Ne7 22. h4 Bc7 23. Bd2 Rad8 24. Qh2 d4 25. Nf5 c4 {0-1 Sankova,S (2039)-Gholami Orimi,M (2326) World ol U16 2018 (3.8)}) ({RR} 11. O-O d5 12. Qe2 Re8 13. Rd1 Qd7 14. Nh4 Rad8 15. Qf3 Nh7 16. Nhf5 Ne7 17. Nxg7 Kxg7 18. Nh5+ Kh8 19. Nf6 Qd6 20. Bxh6 Ng8 21. Nxh7 Kxh7 22. Bg5 f6 23. Qh5+ Kg7 24. d4 fxg5 25. Qxg5+ Kf8 {0-1 Kim,A (2464)-Petrov,N (2585) Wch Blitz Moscow 2019 (16)}) 11... fxe6 12. d4 exd4 13. cxd4 d5 14. exd5 Qxd5 15. Ne2 Rad8 16. O-O e5 17. Qc2 exd4 18. Nf4 Qf7 19. Nd3 Nd5 20. a3 Qg6 21. Qd1 Ne3 22. Bxe3 dxe3 23. Qb3+ Kh7 24. Nde5 Nxe5 25. Nxe5 exf2+ 26. Kh1 Qe4 27. Ng4 Rd3 0-1

[Event "Olympiad Women 2024"]
[Site "Budapest HUN"]
[Date "2024.09.16"]
[Round "6.33"]
[Board "1"]
[White "Wagener, Anna"]
[Black "Clarke, Adani"]
[Result "1-0"]
[WhiteElo "2251"]
[BlackElo "1919"]
[PlyCount "119"]
[EventDate "2024.09.11"]
[WhiteTeam "Luxembourg"]
[BlackTeam "Jamaica"]
[WhiteTeamCountry "LUX"]
[BlackTeamCountry "JAM"]

1. e4 e6 2. Nf3 d5 3. Nc3 Nf6 4. e5 Nfd7 5. d4 c5 6. dxc5 Bxc5 7. Bd3 Nc6 8. Bf4 Nf8 ({RR} 8... d4 9. Ne4 Bb4+ 10. c3 dxc3 11. bxc3 Be7 12. O-O O-O 13. Qe2 Qa5 14. Nd6 Qxc3 15. Qe4 f5 16. exf6 Nxf6 17. Qe2 Nd4 18. Nxd4 Qxd4 19. Nxc8 Raxc8 20. Qxe6+ Kh8 21. Qxe7 Qxf4 22. Qxb7 Ng4 23. g3 {0-1 Guseinov,G (2571)-Wieferig,W (2240) Internet Section 09A g/8'+2" blitz 2004 (1)}) 9. Qe2 ({RR} 9. h4 Ng6 10. Bg3 a6 11. h5 Nge7 12. a3 b5 13. Qd2 Bb7 14. Qf4 Qa5 15. O-O Qc7 16. b4 Ba7 17. Bxb5 f5 18. Ba4 g5 19. Nxg5 Ng6 20. hxg6 hxg6 21. b5 O-O-O 22. bxc6 Bxc6 23. Bxc6 Qxc6 {1-0 Biro,S (2147)-Radulescu,G (1814) Wch Seniors 50 29th 2019 (3)}) 9... Ng6 10. Bg3 Bd7 $146 ({RR} 10... a6 11. O-O Nb4 12. Bxg6 hxg6 13. Rfd1 Bd7 14. a3 Nc6 15. Rd3 Ne7 16. Rad1 Qc7 17. Ng5 Nf5 18. Nxd5 Qd8 19. Nf6+ gxf6 20. Nxf7 {1-0 Teske,H (2480)-Wichmann,C (2270) Erfurt op 1992 (2)}) ({RR} 10... a6 11. O-O-O b5 12. Bxg6 hxg6 13. Ne4 Be7 14. Nd6+ Bxd6 15. exd6 Qa5 16. Kb1 b4 17. Ne5 Nxe5 18. Qxe5 f6 19. d7+ Bxd7 20. Qd6 Qb5 21. Rd4 a5 22. Re1 Kf7 23. Qc7 Rhc8 24. Qd6 Qc6 25. Qxc6 {0-1 Ming,W (1834)-Lepine,C (2013) Francophone-ch 3rd 2015 (5)}) 11. O-O a6 12. Rad1 Rc8 13. Rfe1 Bb4 14. a3 Ba5 15. b4 Bb6 16. Qd2 Nd4 17. Nxd4 Bxd4 18. Nxd5 Nf8 19. c3 Bxf2+ 20. Bxf2 exd5 21. Bb1 Be6 22. Ba2 Ng6 23. Bc5 Ne7 24. Qf2 Qc7 25. Rd3 Qc6 26. Rg3 Ng6 27. Rf3 Qc7 28. Qd4 Qd7 29. Bb3 h5 30. Rd3 Rd8 31. Qf2 Qc6 32. a4 Rc8 33. a5 Ne7 34. Rg3 Rh7 35. Qc2 Bf5 36. Qd1 Qe6 37. Qd2 Rd8 38. Rf3 Qg6 39. Rg3 Qe6 40. Qg5 Nc6 41. Qe3 Rd7 42. Qf2 Kd8 43. Rf3 g6 44. Rfe3 Kc8 45. Qd2 Rh8 46. Bd6 Ne7 47. Qd4 Nc6 48. Qc5 Qe8 49. Bxd5 Rd8 50. c4 Kd7 51. Qb6 Rc8 52. Qxb7+ Kd8 53. Qxa6 Be6 54. Qb6+ Kd7 55. Qb7+ Kd8 56. b5 Bxd5 57. cxd5 Nd4 58. Qb6+ Kd7 59. Qxd4 Qd8 60. b6 1-0

[Event "Olympiad Women 2024"]
[Site "Budapest HUN"]
[Date "2024.09.16"]
[Round "6.33"]
[Board "2"]
[White "Brown, Raehanna"]
[Black "Steil-Antoni, Fiona"]
[Result "1/2-1/2"]
[WhiteElo "1910"]
[BlackElo "2085"]
[PlyCount "66"]
[EventDate "2024.09.11"]
[WhiteTeam "Jamaica"]
[BlackTeam "Luxembourg"]
[WhiteTeamCountry "JAM"]
[BlackTeamCountry "LUX"]

1. c4 e5 2. Nc3 Nc6 3. g3 f5 4. Bg2 Nf6 5. d3 Bb4 6. e3 Bxc3+ 7. bxc3 O-O 8. Ne2 d6 9. O-O Qe8 10. f4 ({RR} 10. a4 Bd7 11. a5 Rb8 12. h3 b6 13. axb6 axb6 14. f4 Na5 15. Kh2 e4 16. Nd4 c5 17. Nb5 Qe6 18. Nc7 Qe7 19. Nd5 Nxd5 20. cxd5 exd3 21. Qxd3 Rbe8 22. c4 Qd8 23. Bd2 Rf7 24. Rfe1 Rfe7 {0-1 Zontakh,A (2531)-Najer,E (2608) RUS-UKR m g/3 blitz 2003 (3)}) ({RR} 10. d4 Rb8 11. Ba3 e4 12. Nf4 Ne7 13. c5 d5 14. c6 bxc6 15. Qa4 g5 16. Ne2 Bd7 17. Bc5 Rb2 18. Qa3 Rxe2 19. Bxe7 Rf7 20. Bxf6 Rxf6 21. Rfe1 Rxe1+ 22. Rxe1 f4 23. Qxa7 Qd8 24. Rb1 Rf8 {0-1 Mena,M (2032)-Rosen,E (2361) Titled Tue 27th Feb Early 2024 (9)}) 10... e4 ({RR} 10... Kh8 11. Qd2 Rb8 12. Rb1 Bd7 13. Ba3 Qh5 14. c5 d5 15. fxe5 Ng4 16. h3 Ngxe5 17. Nf4 Qg5 18. Kh2 Qh6 19. Nxd5 Rfe8 20. Kg1 Qg5 21. Kh2 Qh6 22. Rbe1 Rbc8 23. Nf4 Rcd8 24. Bc1 Bc8 25. d4 {0-1 Brown,R (1710)-Bueno,A (2135) Titled Tue 27th Jun Late 2023 (4)}) 11. Nd4 exd3 $146 ({RR} 11... Bd7 12. Nxc6 Bxc6 13. d4 Ba4 14. Qe2 c5 15. Ba3 b6 16. h3 h5 17. Kf2 Rc8 18. Rg1 Qf7 19. Bf1 Rfd8 20. Rc1 d5 21. dxc5 bxc5 22. cxd5 c4 23. d6 Ne8 24. Qd2 Nxd6 25. Bxd6 Rc6 26. Qd4 {0-1 Wagner,S (2208)-Kropik,M (2129) AUT-ch Zwettl 2012 (3)}) ({RR} 11... Na5 12. Nb3 Nc6 13. d4 Qf7 14. Qe2 a5 15. a4 b6 16. d5 Ne7 17. Ba3 Ba6 18. Nd4 Nfxd5 19. Nb5 Bxb5 20. cxb5 Nxc3 21. Qc2 Ncd5 22. Rfe1 Rac8 23. Bf1 Qh5 24. Bc4 Kh8 25. Qd2 Nf6 26. Bb2 {0-1 Almazedi,F (1836)-Both,A (1983) Harrogate 4NCL op-B 21st 2019 (5)}) 12. Qxd3 Ne4 13. Ba3 Kh8 14. g4 g6 15. Rab1 b6 16. Rb2 a6 17. Bf3 Bd7 18. Rg2 Qe7 19. gxf5 gxf5 20. c5 dxc5 21. Nxc6 Bxc6 22. c4 Rad8 23. Qb3 h6 24. Bb2+ Kh7 25. Rg7+ Qxg7+ 26. Bxg7 Rg8 27. Rd1 Rxg7+ 28. Kf1 Rxd1+ 29. Qxd1 Rd7 30. Qc2 Nd2+ 31. Kf2 Nxf3 32. Qxf5+ Kg7 33. Qe6 Rd2+ 1/2-1/2

[Event "Olympiad Women 2024"]
[Site "Budapest HUN"]
[Date "2024.09.16"]
[Round "6.33"]
[Board "3"]
[White "Bakalarz, Grazyna"]
[Black "Watson, Gabriella"]
[Result "1/2-1/2"]
[WhiteElo "1928"]
[BlackElo "1826"]
[PlyCount "85"]
[EventDate "2024.09.11"]
[WhiteTeam "Luxembourg"]
[BlackTeam "Jamaica"]
[WhiteTeamCountry "LUX"]
[BlackTeamCountry "JAM"]

1. d4 d5 2. c4 c6 3. cxd5 cxd5 4. Nf3 Nf6 5. Nc3 Nc6 6. Bf4 a6 7. Rc1 e6 8. e3 Be7 9. Bd3 Bd7 10. Ne5 ({RR} 10. h3 b5 11. O-O Rc8 12. Qe2 Qb6 13. Rfd1 O-O 14. Ne5 Na5 15. Bg5 Rfd8 16. a4 Nc4 17. axb5 Bxb5 18. b3 Nd6 19. Nxb5 axb5 20. Bxf6 Bxf6 21. Rxc8 Rxc8 22. Nd7 Qa5 23. Nxf6+ gxf6 24. Qg4+ Kf8 {0-1 Bjelobrk,I (2396)-Przybylski,W (2321) Titled Tue 7th Feb Late 2023 (7)}) 10... Rc8 11. O-O O-O 12. Qf3 Na5 $146 ({RR} 12... b5 13. Qh3 g6 14. Bh6 Re8 15. f4 Bf8 16. Bg5 Be7 17. Rf3 Nxe5 18. fxe5 Ne4 19. Bxe4 dxe4 20. Rxf7 h5 21. Rxe7 b4 22. Rg7+ Kxg7 23. Bxd8 bxc3 24. Bf6+ {1-0 Poljakov,D-Milic,B YUG-ch01 Final 1945 (6)}) ({RR} 12... Be8 13. Qh3 g6 14. Bh6 Nxe5 15. dxe5 Nd7 16. Bxf8 Bxf8 17. Qg3 Bg7 18. f4 Nc5 19. Bb1 Qb6 20. Qf2 Rd8 21. Rfd1 Bf8 22. e4 d4 23. Rxd4 Nb3 24. Rxd8 Bc5 25. Rxe8+ Kg7 26. Rf1 Nd2 27. Na4 {0-1 Vasquez Schroder,R (2459)-Iskusnyh,S (2473) Titled Tuesday intern op 11th May blitz 2021 (8)}) 13. Rc2 b5 14. Qh3 g6 15. Rfc1 Re8 16. Bg5 Nc4 17. f4 Nxe5 18. fxe5 Nh5 19. g4 Ng7 20. Bh6 Bc6 21. Rf1 f6 22. Bxg7 Kxg7 23. Rcf2 Rf8 24. exf6+ Rxf6 25. g5 Rxf2 26. Rxf2 Bxg5 27. Nd1 Qe7 28. Qg4 Be8 29. Rg2 Bf6 30. h3 Rc7 31. Nc3 b4 32. Ne2 a5 33. Nf4 Rc1+ 34. Kf2 Rc6 35. Nxg6 Bxg6 36. Bxg6 Kh8 37. Bd3 Qf7 38. Qf3 Rc1 39. Ke2 Rc8 40. Rf2 Rf8 41. Rg2 Bg7 42. Qg3 Qf6 43. Rf2 1/2-1/2

[Event "Olympiad Women 2024"]
[Site "Budapest HUN"]
[Date "2024.09.16"]
[Round "6.33"]
[Board "4"]
[White "McKoy, Arielle"]
[Black "Kremer, Nadine"]
[Result "0-1"]
[WhiteElo "1442"]
[BlackElo "1898"]
[PlyCount "110"]
[EventDate "2024.09.11"]
[WhiteTeam "Jamaica"]
[BlackTeam "Luxembourg"]
[WhiteTeamCountry "JAM"]
[BlackTeamCountry "LUX"]

1. e4 Nf6 2. e5 Nd5 3. d4 d6 4. Nf3 g6 5. Bc4 c6 6. O-O Bg7 7. c3 ({RR} 7. h3 dxe5 8. dxe5 Be6 9. Qe2 Nd7 10. Re1 Qc7 11. Bd2 O-O-O 12. Nc3 h6 13. Bxd5 cxd5 14. Nb5 Qc4 15. Nxa7+ Kb8 16. Nb5 g5 17. Nbd4 Rc8 18. Qxc4 Rxc4 19. b3 Rcc8 20. Bb4 Rhe8 21. Nxe6 fxe6 {1-0 Kamsky,G (2655)-Philippe,C (2383) FRA-chT Top 16 Gp Haute 2022 (3.1)}) ({RR} 7. Qe2 O-O 8. c3 Bg4 9. Re1 dxe5 10. dxe5 Nd7 11. Bxd5 cxd5 12. Bf4 Qb6 13. Nbd2 Nc5 14. Be3 Qc7 15. h3 Bxf3 16. Nxf3 Ne4 17. Bd4 e6 18. h4 h6 19. g3 b6 20. Kg2 Rac8 21. a4 f6 {0-1 Manukyan,A (2110)-Szente Varga,F (2074) Titled Tue 14th Feb Early 2023 (4)}) ({RR} 7. Qe2 O-O 8. Bb3 Bg4 9. Nbd2 dxe5 10. dxe5 Qc7 11. Qe4 Bxf3 12. Nxf3 e6 13. Qh4 Nd7 14. c4 N5b6 15. Bh6 Rfe8 16. Ng5 Qxe5 17. Rfe1 Qxb2 18. Rab1 Qf6 19. Bxg7 Qxg7 20. Ne4 Qf8 21. c5 Nd5 {0-1 Verhoef,J (2048)-Kremer,N (1771) Weiz op 15th 2016 (1)}) 7... O-O 8. Re1 Be6 $146 ({RR} 8... h6 9. Nbd2 Be6 10. Bb3 Nd7 11. Nf1 dxe5 12. Nxe5 Nxe5 13. dxe5 Qc7 14. f4 a5 15. Bc2 Rad8 16. Qf3 f5 17. Ng3 b5 18. h4 h5 19. Kh2 Nb6 20. b3 c5 21. Be3 c4 22. Ne2 Bd5 23. Qg3 {½-½ Romain,X (1892)-Alet,J (2176) Avoine op 23rd 2008 (7)}) ({RR} 8... Bg4 9. exd6 Qxd6 10. h3 Bf5 11. Bg5 f6 12. Bh4 Kh8 13. Bg3 Qd8 14. Qb3 Nb6 15. Be6 Bxe6 16. Qxe6 Re8 17. Nbd2 Na6 18. a4 Nd5 19. Nc4 Nac7 20. Qe2 Qd7 21. Na5 b6 22. Nb3 Qf5 23. c4 {1-0 Gombar,P (1994)-Szaraz,V (1930) SVK-chT2B 1415 2014 (10.6)}) 9. Ng5 dxe5 10. Nxe6 fxe6 11. dxe5 Qb6 12. Qd4 Qc7 13. Nd2 b5 14. Bb3 c5 15. Qg4 Rf5 16. Nf3 Nc6 17. Bc2 Nxe5 18. Nxe5 Rxe5 19. Bd2 Nf6 20. Qh3 Kf7 21. Qf3 Rd8 22. Bf4 Rxe1+ 23. Rxe1 Qb6 24. Bg5 Rd5 25. h4 h6 26. Bxf6 exf6 27. Qg4 f5 28. Qf3 Qd6 29. g4 Rd2 30. Bb1 Qd5 31. Qxd5 Rxd5 32. g5 hxg5 33. hxg5 Rd2 34. b4 cxb4 35. cxb4 Bd4 36. Rf1 Rb2 37. a3 Bxf2+ 38. Rxf2 Rxb1+ 39. Kg2 e5 40. Rc2 f4 41. Rc7+ Ke6 42. Rxa7 Kf5 43. Re7 e4 44. Kh3 e3 45. Rf7+ Ke4 46. Rf6 Kf3 47. Kh2 e2 48. Re6 e1=Q 49. Rxe1 Rxe1 50. a4 bxa4 51. b5 a3 52. b6 a2 53. b7 Re2+ 54. Kh3 a1=Q 55. b8=Q Qh1# 0-1

[Event "Olympiad Women 2024"]
[Site "Budapest HUN"]
[Date "2024.09.16"]
[Round "6.34"]
[Board "1"]
[White "Rouda Essa, Alserkal"]
[Black "Ortiz Verdezoto, Anahi"]
[Result "1-0"]
[WhiteElo "2036"]
[BlackElo "2229"]
[PlyCount "79"]
[EventDate "2024.09.11"]
[WhiteTeam "United Arab Emirates"]
[BlackTeam "Ecuador"]
[WhiteTeamCountry "UAE"]
[BlackTeamCountry "ECU"]

1. e4 e5 2. Nf3 Nc6 3. Bb5 a6 4. Ba4 Nf6 5. O-O d6 6. Re1 Be7 7. c3 O-O 8. h3 b5 9. Bb3 Nb8 10. d4 Nbd7 11. Nbd2 c5 12. d5 c4 13. Bc2 Nc5 14. Nf1 Qc7 ({RR} 14... Rb8 15. g4 b4 16. cxb4 Rxb4 17. N3d2 Nd3 18. Bxd3 cxd3 19. b3 h5 20. Ba3 Rd4 21. f3 Nh7 22. Bb2 Rb4 23. Bc3 Rb8 24. Nc4 Bh4 25. Re3 g6 26. Qxd3 f5 27. exf5 gxf5 28. Nh2 Rb7 29. Kh1 {0-1 Niedbala,B (2424)-Ortiz Verdezoto,A (2205) 22nd Spilimbergo Open 2024 (6.21)}) 15. Ng3 ({RR} 15. N3h2 a5 16. a3 Rb8 17. Bd2 Nfd7 18. Ng3 Qd8 19. Nf5 Nb6 20. Nxe7+ Qxe7 21. Be3 Nba4 22. Rb1 f5 23. f3 f4 24. Bf2 g5 25. Kf1 Bd7 26. Ke2 b4 27. axb4 axb4 28. Qd2 b3 29. Bd1 Nd3 {0-1 Topalov,V (2752)-Carlsen,M (2837) Wch Blitz 6th 2012 (24)}) 15... a5 16. Be3 Rb8 17. Nd2 $146 ({RR} 17. a3 b4 18. axb4 axb4 19. Bxc5 Qxc5 20. Nh4 g6 21. Qc1 Ng4 22. hxg4 Bxh4 23. Qh6 Bxg3 {0-1 Kulesza,A (2053)-Barski,R (2441) European Blitz 2022 (6.95)}) 17... b4 18. f4 bxc3 19. bxc3 exf4 20. Bxf4 Nd3 21. Bxd3 cxd3 22. c4 Qc5+ 23. Kh2 Rb2 24. Qf3 Qa3 25. Nb3 Qb4 26. Qxd3 Bd8 27. Bd2 Qa4 28. Qc3 Rxd2 29. Nxd2 Qd7 30. Nb3 h5 31. Nxa5 h4 32. Nf1 Nh5 33. Rab1 Bf6 34. Qf3 Be5+ 35. Kh1 Ng3+ 36. Nxg3 Bxg3 37. Rf1 f5 38. exf5 Qc7 39. Nc6 Bxf5 40. Nd4 1-0

[Event "Olympiad Women 2024"]
[Site "Budapest HUN"]
[Date "2024.09.16"]
[Round "6.34"]
[Board "2"]
[White "Wagenschuetz, Evelyn"]
[Black "Al Maamari, Wafia Darwish"]
[Result "0-1"]
[WhiteElo "2036"]
[BlackElo "1908"]
[PlyCount "186"]
[EventDate "2024.09.11"]
[WhiteTeam "Ecuador"]
[BlackTeam "United Arab Emirates"]
[WhiteTeamCountry "ECU"]
[BlackTeamCountry "UAE"]

1. e4 e6 2. d4 d5 3. Nc3 Bb4 4. e5 c5 5. Nf3 Nc6 6. a3 Bxc3+ 7. bxc3 Qa5 8. Bd2 Qa4 9. Bd3 c4 10. Be2 Nge7 11. O-O Bd7 12. Nh4 O-O-O 13. f4 Kb8 $146 ({RR} 13... Rdf8 14. Bg4 f5 15. exf6 gxf6 16. f5 e5 17. Bh6 Rfg8 18. Bh5 Qa5 19. Bf7 Qxc3 20. Bxg8 Rxg8 21. dxe5 Nxe5 22. Kh1 Bc6 23. Nf3 Nxf3 24. Rxf3 Qe5 25. Bf4 Qxf5 26. Bg3 Qe6 27. Qd4 Nf5 28. Qxa7 {½-½ Kieffer,A (1739)-Ider,B (2379) Le Port Marly Paribas blitz op 2014 (13)}) ({RR} 13... Nf5 14. Nf3 h5 15. Ng5 Rdf8 16. Bxh5 f6 17. Nh3 Nce7 18. Bf3 Rh7 19. exf6 gxf6 20. Nf2 Nh4 21. Bg4 Rg8 22. g3 Nhf5 23. Nh1 Nd6 24. Bf3 f5 25. Rf2 Ne4 26. Rg2 Rhg7 27. Ra2 Qa5 28. Qe1 {0-1 Sieber,F (1868)-Eriksson,M (2060) Vellmar op-A 5th 2013 (3)}) 14. g4 g6 15. Kh1 Rdf8 16. Ra2 Ka8 17. Bf3 Qb5 18. Bc1 Qa5 19. Bd2 Qa4 20. Qe2 h6 21. Bc1 Rfg8 22. Ng2 Qa5 23. Bd2 Rd8 24. Rb1 Qa4 25. Ne3 Bc8 26. Nd1 Rh7 27. Bc1 Rdh8 28. Rab2 h5 29. g5 Nf5 30. Bg2 Rd8 31. Ra2 Rhh8 32. Nb2 Qa5 33. Bd2 Bd7 34. a4 Nce7 35. Nxc4 Qa6 36. Rab2 Bc6 37. Nb6+ axb6 38. Qe1 Nc8 39. Bf1 Qa7 40. Rb4 Kb8 41. Kg1 Kc7 42. Bd3 Nfe7 43. Qc1 Kd7 44. Qb2 Ke8 45. Kg2 Kf8 46. h4 Kg7 47. Kh3 Qb8 48. Qa3 Qc7 49. Qc1 Qd7 50. Qa3 Qe8 51. a5 bxa5 52. Qxa5 Qd7 53. Bc1 b6 54. Qa2 Bb7 55. Bb5 Qc7 56. Bd2 Nc6 57. Bxc6 Bxc6 58. Qa6 b5 59. R4b3 Nb6 60. Qa5 Ra8 61. Qb4 Nc4 62. Be1 Rhc8 63. Rc1 Ra4 64. Qc5 Be8 65. Qxc7 Rxc7 66. Kg3 Rca7 67. Kf2 Ra1 68. Rbb1 Rxb1 69. Rxb1 Ra2 70. Ke2 Rxc2+ 71. Kd3 Ra2 72. Rb4 Kf8 73. Rb1 Ke7 74. Rb4 Bc6 75. Rb1 Kd7 76. Rb4 Rb2 77. Rxb2 Nxb2+ 78. Kc2 Nc4 79. Bf2 b4 80. cxb4 Ba4+ 81. Kc3 Kc6 82. Bg1 Kb5 83. Bf2 Na3 84. Be1 Nc2 85. Bd2 Nxb4 86. Be3 Nc6 87. Bc1 Bd1 88. Bb2 Ne7 89. Bc1 Nf5 90. Bd2 Nxh4 91. Be3 Ng2 92. Bf2 Nxf4 93. Kd2 Bg4 0-1

[Event "Olympiad Women 2024"]
[Site "Budapest HUN"]
[Date "2024.09.16"]
[Round "6.34"]
[Board "3"]
[White "Anoud Eisa Bashkardi"]
[Black "Miranda Vargas, Analia Karen"]
[Result "1-0"]
[WhiteElo "1811"]
[BlackElo "1891"]
[PlyCount "35"]
[EventDate "2024.09.11"]
[WhiteTeam "United Arab Emirates"]
[BlackTeam "Ecuador"]
[WhiteTeamCountry "UAE"]
[BlackTeamCountry "ECU"]

1. e4 e5 2. Nf3 Nc6 3. Bb5 g6 4. d4 exd4 5. Nxd4 Bg7 6. Be3 Qe7 ({RR} 6... Nf6 7. Nc3 Ng4 8. Qxg4 Nxd4 9. Ba4 O-O 10. O-O-O d6 11. Qg3 c5 12. Bxd4 cxd4 13. Ne2 Qb6 14. Bb3 a5 15. Qd3 a4 16. Bd5 Be6 17. Kb1 Bxd5 18. exd5 Ra5 19. Nxd4 Rc8 20. c3 a3 21. b3 {0-1 Abdusattorov,N (2627)-Tang,A (2538) PNWCC Online blitz JP 12th 2020 (8)}) ({RR} 6... Nf6 7. O-O Nxe4 8. Nxc6 dxc6 9. Qxd8+ Kxd8 10. Bd3 Bxb2 11. Bxe4 Bxa1 12. Nd2 Bg7 13. Nf3 Be6 14. a4 h6 15. Nd4 Bc4 16. Rd1 Ke7 17. Nf3 Rhd8 18. Bc5+ Ke8 19. Re1 Be6 20. a5 Bc3 21. Re3 {0-1 Broca Jimenez,F (2075)-Dounis,A (2250) Titled Tuesday intern op 23rd Aug Early blitz 2022 (1)}) 7. Nc3 Qb4 8. Bxc6 $146 ({RR} 8. a3 Qd6 9. Nd5 Nxd4 10. Bxd4 Bxd4 11. Qxd4 f6 12. Qb4 Qxb4+ 13. axb4 Kd8 14. Bd3 d6 15. b5 Be6 16. b6 Bxd5 17. Rxa7 Rb8 18. bxc7+ Kxc7 19. exd5 Ne7 20. c4 Rhe8 21. Kd2 Nc8 22. Raa1 Nb6 {1-0 Luckis,M-Suarez,J ARG-ch41 Buenos Aires 1963 (14)}) ({RR} 8. a3 Qd6 9. Nd5 Nge7 10. Bc4 Nxd5 11. Nb5 Qe5 12. Bxd5 Kd8 13. g3 Qe7 14. O-O a6 15. Nc3 d6 16. f4 f5 17. e5 Bd7 18. Re1 Kc8 19. e6 Bxe6 20. Bf2 Nd8 21. Qf3 Qd7 22. Rxe6 c6 {1-0 Soumya,S (2143)-Alaguzov,M (2155) World ol U16 04th 2004 (8)}) 8... bxc6 9. Qd2 Ba6 10. O-O-O Nf6 11. Nb3 Bc4 12. Qd4 c5 13. Qe5+ Be6 14. Nd5 Nh5 15. Nxc7+ Kd8 16. Nxe6+ fxe6 17. Rxd7+ Kxd7 18. Rd1+ 1-0